| 000 | 00622nam a2200277Ia 4500 | ||
|---|---|---|---|
| 008 | 210210b2015 xxu||||| |||| 00| 0 eng d | ||
| 020 | _a9789351610152 | ||
| 041 | _aeng | ||
| 082 | _a332.1 SUNB | ||
| 100 | _aSUNDHARAM (K P M) | ||
| 245 | _aBanking: theory, law and practice Rev Ed 25 | ||
| 250 | _a | ||
| 260 |
_aNew Delhi _bSultan Chand & Sons _c2015 |
||
| 300 | _ax,560 | ||
| 650 | _atheory, | ||
| 650 | _aRev | ||
| 650 | _apractice | ||
| 650 | _alaw | ||
| 650 | _aEd | ||
| 650 | _aBanking: | ||
| 650 | _aand | ||
| 650 | _a25 | ||
| 690 | _aBanking | ||
| 700 | _aVARSHNEY (P N) | ||
| 906 | _a071033 | ||
| 999 |
_c120440 _d120440 |
||